| 000 | 01074nam a2200229 a 4500 | ||
|---|---|---|---|
| 003 | MX-MxUPN | ||
| 005 | 20240924091611.0 | ||
| 008 | 991125s1924 pe a r 000 0 spa d | ||
| 035 | _aUPN01000038232 | ||
| 040 |
_aMX-MxUPN _bspa _cMX-MxUPN |
||
| 041 | 0 | _aspa | |
| 050 | 1 | 4 |
_aL324 _bA2 1924 |
| 110 | 1 |
_aPerú. _bMinisterio de Justicia, Instrucción, Culto y Beneficencia. _bDirección General de Enseñanza |
|
| 245 | 1 | 0 |
_aMemoria que presenta al Sr. Ministro de Instrucción el Director General de Enseñanza, Dr. Alberto A. Giesecke... / _cMinisterio de Justicia, Instrucción, Culto y Beneficencia, Dirección General de Enseñanza. |
| 260 |
_aLima : _bDirección General de Enseñanza, _c1924. |
||
| 300 |
_a525 páginas : _bilustraciones |
||
| 500 | _a"Anexo a la Memoria del Ministerio de Justicia, Instrucción, Culto y Beneficencia" | ||
| 650 | 4 |
_aEducación _zPerú _99716 |
|
| 710 | 2 |
_aMuseo Pedagógico Nacional (México) _951335 _epropietario anterior |
|
| 710 | 2 |
_aBiblioteca Felipe Carrillo Puerto (México) _953273 _epropietario anterior |
|
| 942 |
_2lcc _cLIBRO |
||
| 999 |
_c38232 _d38232 |
||